Регионална библиотека "Любен Каравелов" - Русе

Шинел (Запис номер 96676)

MARC детайли
000 -Лидер
Контролно поле с фиксирана дължина 01449nam a2200325 c 4500
003 - Код на организацията, давaща контролен номер
Контролно поле BLK
005 - Дата и час на последна редакция
Контролно поле 20180422105053.0
008 - Елементи от данни с фиксирана дължина
fixed length control field 180409b bul|||||r ||||||| ||bul||
010 ## - Наследен системен номер
LC control number KNG00101576000
020 ## - Международен стандартен номер на книга ISBN
Международен стандартен номер на книга ISBN 954-426-411-6
-- издат.: Анубис
040 ## - Източник на каталожния запис
Идентификатор на билиотеката - собственик на записа BLK
041 ## - Код за език
Код за езика на текст/звукозапис или на отделно заглавие Български
Код за езика КДБФ Български
080 ## - УДК
Текстов определител УДК Руска литература
УДК код - определител по УДК 821.161.1
УДК определител -32
УДК - код + определител 821.161.1-32
100 1# - Редна дума - Автор
Автор Гогол, Николай Василиевич
Авторска отговорност първи автор
R(LIN) 54566
139 ## - Редно поле
Редна дума Гогол, Николай Василиевич
Авторски знак Гог - Г 60
245 10 - Сведения за заглавието
Заглавие Шинел
Редно поле (дума) Николай Василиевич Гогол; прев. от рус. Иван Димитров Пауновски; състав. и предг. от Николай Нейчев.
257 ## - Страна на издаване
Страна на създаване/издаване Русия
260 ## - Област на издателските данни
-- София
Име на издателя, разпространителя и проч. Анубис
Година на издаване 2001
Печатница София : Инвестпрес
300 ## - Физическа характеристика
Страници 72 с.
Размери/Мащаб 20 см
380 ## - Жанр
Жанр Худож. лит.
490 1# - СЕРИИ (Колекции)
Име на серия Европейският канон
500 ## - Общи забележки
Забележка Без сведение за ориг. загл. - Съдържа и Критически фрагменти ; Житейски и творчески портрет.
700 1# - Други автори (авторска отговорност)
Лично име Пауновски, Иван Димитров
Автороска отговорност (Описва отношението между автора и произведението) прев. от рус.
9 (RLIN) 367499
700 1# - Други автори (авторска отговорност)
Лично име Нейчев, Николай
Автороска отговорност (Описва отношението между автора и произведението) състав. и предг. от
9 (RLIN) 306889
852 ## - Местоположение
Форматна сигнатура Цб 211647
856 4# - Електронен адрес и достъп
Електронен формат pdf - файл
Път до файла /url/
856 4# - Електронен адрес и достъп
Електронен формат pdf - файл
Път до файла /url/
942 ## - АРТИКУЛИ
Вид на библиотечния материал Книги
Скрит в OPAC Не
944 ## - СЪЗДАВАНЕ И РЕДАКЦИЯ на ЗАПИСА
Създаване/Редакция Създаване
Дата на регистрацията/редакция 01.01.2001
Служител, извършил регистрацията/редакцията Цветанка_Енчева
944 ## - СЪЗДАВАНЕ И РЕДАКЦИЯ на ЗАПИСА
Създаване/Редакция Редакция
Дата на регистрацията/редакция 31.05.2005
Служител, извършил регистрацията/редакцията
999 ## - СИСТЕМНИ КОНТРОЛНИ НОМЕРА
Koha biblionumber 96676
Koha biblioitemnumber 96676
Наличности
Код за отписване Код за изгубен артикул Код за повреда Коз за рестрикции Код за отдаване Артикулен № Име на библиотеката - собственик Име на библиотеката, в която се намира в момента Статус (Текущо местоположение) Дата на вписване в системата Местоположение - отдел Цена в лева Инвентарен номер Систематично азбучна сигнатура Баркод Номер на екземпляра Цена в евро Служебна бележка Служебен тип на артикула
  Не е изгубен Не е повреден без рестрикции ползва се в читалня 155150 Регионална библиотека "Любен Каравелов" Русе Регионална библиотека "Любен Каравелов" Русе Хранилище 2002-05-29 Хранилище 3.20 120000670155 Цб 211647 120000670155 1 1.64 Дост: Dp Вид: Д N: 50 Дата: 05.12.2001 Книги
Vip Innovations Ltd, Rousse, Bulgaria 2025